Cartilla laboral 2017

Bibliographic Details
Format: Book
Language:Spanish
Published: Bogot:̀ ECOE, 2017
Subjects:
Online Access:Acceso restringido

MARC

LEADER 00000nam a22000007a 4500
005 20170619002933.0
007 cr|||| ||||
008 170619s2017 co ||||| |||| 00||0 spa d
020 |a 9789587714425 
035 |a 20358 
040 |a vLex 
090 |c 6779  |d 6779 
245 0 0 |a Cartilla laboral 2017  |h [Recurso electrn̤ico] / 
256 |a Servicio en ln̕ea 
260 |a Bogot:̀  |b ECOE,  |c 2017 
300 |a 1 recurso electrn̤ico 
500 |a Los problemas surgidos en una relacin̤ laboral en ocasiones obedecen a que una o ambas partes desconocen la ley, malinterpretan su contenido o la aplican incorrectamente. Esta obra busca que empleados y profesionales independientes conozcan los principios bs̀icos de la relacin̤ laboral en Colombia para evitar o minimizar problemas entre las partes. Cartilla laboral 2017 est ̀redactada en un lenguaje sencillo y abarca los aspectos generales de una relacin̤ laboral, el contrato de trabajo, el periodo de prueba, la jornada de trabajo, los tipos de remuneracin̤, las prestaciones sociales, la seguridad social, el reglamento de trabajo y los aportes paraƯfiscales. Con esta obra se pretende llevar la esencia de la legislacin̤ laboral colombiana a estudiantes, personal administrativo, gerentes y profesionales independientes. 
506 1 |a Disponible solo en los productos indicados  |d vLex Global  |d vLex Global (Academic Edition, excluding Law Schools)  |d vLex Global (U.S. Academic Edition, Law Schools)  |d vLex Global (U.S. Academic Edition, excluding Law Schools)  |d vLex Global (Academic Edition, Law Schools) 
650 0 4 |a Derecho Laboral y Seguridad Social  |z Colombia 
740 0 |a vLex Libros (Servicio en ln̕ea) 
856 4 0 |u http://vlex.com/source/cartilla-laboral-2017-20358  |z Acceso restringido 
942 |c BOOK 
999 0 |a Labor law and social security